Tratado de laboreo de minas con especial consideración de las minas de carbón / (Record no. 65650)
[ view plain ]
| 000 -LEADER | |
|---|---|
| campo de control de longitud fija | 00729nam a2200205 i 4500 |
| 001 - NÚMERO DE CONTROL | |
| campo de control | 65650 |
| 003 - IDENTIFICADOR DE NÚMERO DE CONTROL | |
| campo de control | ES-MaACL |
| 005 - FECHA Y HORA DE LA ÚLTIMA TRANSACCIÓN | |
| campo de control | 20230906165431.0 |
| 007 - CAMPO FIJO DE DESCRIPCIÓN FÍSICA--INFORMACIÓN GENERAL | |
| campo de control de longitud fija | t| |
| 008 - DATOS DE LONGITUD FIJA--INFORMACIÓN GENERAL | |
| campo de control de longitud fija | 040120s1965 sp ||||1| spa d |
| 100 1# - ENTRADA PRINCIPAL--NOMBRE DE PERSONA | |
| Nombre de persona | Fritzsche, C. Hellmut. |
| 9 (RLIN) | 52701 |
| 245 10 - MENCIÓN DEL TÍTULO | |
| Título | Tratado de laboreo de minas con especial consideración de las minas de carbón / |
| Mención de responsabilidad, etc. | por C. Hellmut Fritzsche ; versión por José Castells y Carlos Castells. |
| 250 ## - MENCION DE EDICION | |
| Mención de edición | [2ª ed.]. |
| 260 ## - PUBLICACIÓN, DISTRIBUCIÓN, ETC. | |
| Lugar de publicación, distribución, etc. | Barcelona : |
| Nombre del editor, distribuidor, etc. | Labor, |
| Fecha de publicación, distribución, etc. | 1965. |
| 300 ## - DESCRIPCIÓN FÍSICA | |
| Extensión | 2 v. ; |
| Dimensiones | 24 cm. |
| 500 ## - NOTA GENERAL | |
| Nota general | Es continuación de la obra del mismo título de F. Heise y F. Herbst. |
| 700 1# - ENTRADA AGREGADA--NOMBRE PERSONAL | |
| Nombre de persona | Castells, José. |
| 9 (RLIN) | 36588 |
| 700 1# - ENTRADA AGREGADA--NOMBRE PERSONAL | |
| Nombre de persona | Castells, Carlos. |
| 9 (RLIN) | 36582 |
| 852 ## - LOCALIZACIÓN | |
| Ubicación | ES-MaACL |
| Número de control de estantería | A-5989-90 |
| Sublocalización o colección | R.94999 |
| Estatus retirado | Estado de pérdida | Estado de daño | No para préstamo | Biblioteca de origen | Biblioteca actual | Ubicación en estantería | Fecha de adquisición | Fuente de adquisición | Total de préstamos | Signatura topográfica completa | Código de barras | Visto por última vez | Precio de reemplazo | Tipo de ítem Koha |
|---|---|---|---|---|---|---|---|---|---|---|---|---|---|---|
| Biblioteca del Ateneo de Madrid | Biblioteca del Ateneo de Madrid | Sala Pecera Planta 1 | 17/01/2008 | A-5989-90 | 1068779 | 23/02/2023 | 23/02/2023 | Libro impreso |
